000 00490nam a22001697a 4500
003 NUST - PNEC
005 20170116180840.0
008 150820b xxu||||| |||| 00| 0 eng d
020 _a-
040 _cLIBRARY
082 _a364.13154 HAF
100 _95339
_aHafeez, Abdul Khan
245 _aThe conspiracies against Pakistan ; and, the women in the lives of politicians
_cAbdul Hafeez Khan
260 _c1991
650 _95340
_aPolitical science Pakistan
_xGeneral
942 _2ddc
_cBK
999 _c64392
_d64392